000 00502nam a22001937a 4500
005 20220927145301.0
008 220927b ||||| |||| 00| 0 eng d
020 _a9788186423646
040 _aIN-DiNC
_cIN-DiNC
041 _deng
082 _a823
_bSHE
100 _aShelley, Mary
_eauthor
245 _aFrankenstein/
_cby Mary Shelley
260 _aDelhi:
_bWorldview publications,
_c2016.
300 _axlv, 346p.
650 _aEnglish novel
700 _aJoshi, Maya
_eEditor
942 _2ddc
_cBK
999 _c11409
_d11409